| 000 | 01016nas a2200325 4500 | ||
|---|---|---|---|
| 001 | BR0300188 | ||
| 003 | BR-BrBNA | ||
| 005 | 20231205103509.0 | ||
| 007 | ta | ||
| 008 | 230509b bl.|||p| |||| 00| 00por d | ||
| 040 |
_aBR-BrBNA _bpor _cBiblioteca Nacional de Agricultura |
||
| 041 | _a(Pt) | ||
| 072 | _aL72 | ||
| 100 | 1 | _aBecker, G.K. | |
| 100 | 1 | _aRobaldo, R.B. | |
| 100 | 1 | _aBianchini, A. | |
| 100 | 1 | _aColares, E.P. | |
| 100 | 1 | _aMartinez, P.E. | |
| 100 | 1 | _aMuelbert, M.M. | |
| 100 | 1 | _aBrum, J.G.W. | |
| 245 | 1 | _aLepidophthirus macrorhini (Anoplura: Echinophthiridae)em elefante-marinho do sul (Mirounga leonina)na Ilha Elefante (Shetlandes do Sul - Antártica) | |
| 650 | _aANIMAL AQUÁTICO | ||
| 650 | _aPIOLHO | ||
| 650 | _aPARASITO DE ANIMAL | ||
| 650 | _aBIOLOGIA | ||
| 650 | _aHISTÓRIA | ||
| 773 | 0 |
_tArquivos do Instituto Biológico (Brazil) _xISSN 0020-3653 _g(Jul-Dec 2000), v. 67(2) p. 255-256 _wBR0300188 |
|
| 909 |
_a202311 _bLúcia _c55 _dLúcia Elande |
||
| 942 |
_2AGRIS _n0 _cANA |
||
| 999 |
_c173189 _d173189 |
||